Bandiere Bicolore - Morte Improvvisa - Statistics

Statistiche generali
  • Questo quiz è stato fatto 2.430 volte
  • Il punteggio medio è 17 su 26
Answers on the Grid
Answers color-coded by a green-red scale on the quiz's grid according to % correct below.
Albania
Arabia Saudita
Argentina
Austria
Bahrain
Bangladesh
Botswana
Canada
Cina
Danimarca
El Salvador
Finlandia
Georgia
Giappone
Grecia
India
Indonesia
Israele
Laos
Monaco
Marocco
Nigeria
Norvegia
Pakistan
Polonia
San Marino
Singapore
Sri Lanka
Svezia
Svizzera
Trinidad e Tobago
Tunisia
Turchia
Ucraina
Città del Vaticano
Vietnam
 
Statistiche sulle risposte
Risposta % Corretto
e15a7ccb7e-pl.webp Albania
92%
3aedd850a7-pl.webp Cina
78%
8e21167c8f-pl.webp Arabia Saudita
75%
3df876db64-pl.webp Austria
75%
bdc177d847-pl.webp Canada
73%
d7accc64ab-pl.webp Danimarca
73%
09296c03f5-pl.webp Giappone
73%
d1e892088f-pl.webp Bangladesh
72%
738c583814-pl.webp Grecia
68%
27d646712b-pl.webp Israele
67%
c897d4e8d6-pl.webp Finlandia
65%
6e44274d4f-pl.webp Georgia
65%
bbd8673f5a-pl.webp Polonia
64%
6f03c2d84f-pl.webp Bahrain
63%
f2d8ebeac2-pl.webp Indonesia
63%
afc3b4280b-pl.webp Marocco
63%
ad786bbd63-pl.webp Svizzera
62%
8f4fe1e0df-pl.webp Ucraina
62%
05828fd57b-pl.webp Monaco
61%
5229532d91-pl.webp Svezia
61%
8dd4416cc0-pl.webp Turchia
60%
a0bdeef90b-pl.webp Nigeria
57%
38523e745d-pl.webp Tunisia
50%
22d8c29fed-pl.webp Vietnam
47%
c264b08ad5-pl.webp Singapore
45%
564b534e58-pl.webp Pakistan
43%
Nessun quiz corrispondente trovato
Distribuzione punteggi
Percentuale di utenti per punteggio
Percentile per numero di risposta
I tuoi punteggi nel tempo
Non hai fatto questo quiz